000 01589cam a2200361 4500500
005 20251228050139.0
041 _afre
042 _adc
100 1 0 _aLaurent, Jérôme
_eauthor
245 0 0 _aStrabon et la philosophie stoïcienne
260 _c2008.
500 _a59
520 _aStrabon n'est pas un philosophe stoïcien. En relisant l'ensemble de la Géographie, les traits stoïciens de sa méthode, de sa physique et de sa conception de l'existence humaine apparaissent bien minces. Il semble donc préférable de voir en lui un penseur éclectique dont le but principal est la description rigoureuse du monde habité.
520 _aStrabo is not stoic philosopher. His Geography, his Method, his Physics and his conception of human life do not come across as not strongly stoic when they are patiently read. It seems more appropriate to view him as an eclectic thinker whose main objective is the rigorous description of the inhabited world.
690 _aAllégorie
690 _aAmbiguïté
690 _aCynisme
690 _aGéographie antique
690 _aProvidence
690 _aStoïcisme
690 _aStrabon
690 _aTémoignage
690 _aAllegory
690 _aAmbiguity
690 _aAncient geography
690 _aCynism
690 _aProvidence
690 _aStoicism
690 _aStrabo
690 _aTestimony
786 0 _nArchives de philosophie | 71 | 1 | 2008-03-01 | p. 111-127 | 0003-9632
856 4 1 _uhttps://shs.cairn.info/revue-archives-de-philosophie-2008-1-page-111?lang=fr&redirect-ssocas=7080
999 _c1579956
_d1579956